000 01625nam0a2200373 4500
001 RU\NLR\bibl\1830493
005 20260405234401.0
010 _a978-5-488-02952-1
_95000
021 _aRU
_b2011-79495
_95663
035 _a(nilc)RSL-KNO-005037997
035 _a(NLR Aleph) 001821000
090 _a2005496
_c2005496
100 _a20111017d2011 |||y0rusy50 ca
101 0 _arus
102 _aRU
105 _aa |||||||||
200 1 _aДрагоценная банда
_e[рассказы
_eдля младшего школьного возраста]
_fКсения Драгунская
_g[худож. Л. Чуплыгина]
210 _aМосква
_cОникс
_d2011
215 _a63, [1] с.
_cцв. ил.
_d22
225 1 _aБиблиотека младшего школьника
_eБМШ
225 1 _aЧитаем по школьной программе
327 1 _aСодерж.: Превращение; Мужское воспитание; Навороченная Маша; С приветом; Драгоценная банда; В летнем лагере; Меховые звезды; "Матрас-людоед"; Наши корни
686 _aШ9(2)6=Р70-471
_2rubbk
686 _aШ9(2)60=Р7-4
700 1 _4070
_aДрагунская
_bК. В.
_f1965-2021
_gКсения Викторовна
_990949
_3RU\NLR\AUTH\77108024
702 1 _aЧуплыгина
_bЛ. В.
_4040
801 0 _aRU
_bRuMoRKP
_c20111017
_grcr
801 1 _aRU
_bРГБ
_c20111017
801 2 _aRU
_bNLR
_c20111108
_grcr
942 _cBOOK
980 _aNB
980 _aNBR